00650nam a2200229Ia 450000100060000000300090000600800410001504000130005604000130006904100130008210000200009510000290011524500230014424500510016725000110021826000110022926000130024026000490025330000570030265000300035965000310038916270IT-RoPAU130308s9999 xx 000 0 und d aIT-RoPAU cIT-RoPAU aITALIANO aBarbaro Umberto gCodice Aut. SPICS: 9586 aCamera oscura (La) bTeorie e Prassi del Cinema in Italia 1950-1970 a1a ed. aMILANO bMazzotta c1972 [1° Ed.:1972 - Ed.Ling.Originale:1954] a"10 p. (prefazione: no ; testo: 10 [pagine: 28-37])" aTEORICHE CINEMATOGRAFICHE eCodice materia Spics: 6805